000 00361nam a2200145Ia 4500
008 210210b2006 xxu||||| |||| 00| 0 eng d
020 _a81 8376 070 8
082 _a070 VERD
100 _aVERMA (T C).
245 _aDimensions of modern journalism.
260 _aJaipur
_bABD Publishers
_c2006
300 _avi,300
690 _aJournalism
906 _aSG04890
999 _c115720
_d115720